00549 2200169 4500245005100000020002200051250001100073100001900084650002300103005001900126260003700145041001400182084000800196500013100204490003500335336000900370 aTubuh Manusia 1 Volume 9cA. Ari DartoyohText a978-602-7706-09-5 aCet. 1 aA. Ari Dartoyo aEnsiklopedia Sains a20231031134340 aJakartabIndonesia Printerc2012 aIndonesia a503 aDaftar Isi : Kita Terbuat Dari Apa?, Tulang dan Otot, Sistem dan Organ Internal, Indra dan Kemampuan Berbicara, Pusat Kontrol. aEnsiklopedia Sains Spektakuler atext